| 000 | 00618nam a22002177a 4500 | ||
|---|---|---|---|
| 001 | BD-DhSAU 1156 | ||
| 003 | BD-DhSAU | ||
| 005 | 20150203122414.0 | ||
| 008 | 150112b1997 ii a|||| |||| 001 0 eng d | ||
| 020 | _a8123905262 (CBS) | ||
| 020 | _a0412039117 | ||
| 040 | _aBD-DhSAU | ||
| 082 |
_222 _a631.53 _bARP |
||
| 100 | _aArteca, Richard N. | ||
| 245 |
_aPlant growth substances: _bprinciples and applications / _cRichard N. Arteca |
||
| 260 |
_aNew Delhi: _bCBS Publishing & Distributors, _c1997. |
||
| 300 |
_axvi, 332 p. : _bill. ; _c22 cm. |
||
| 504 | _aIncludes index. | ||
| 590 | _aroy | ||
| 650 | _aPlant growth | ||
| 942 |
_2ddc _cBOOK |
||
| 999 |
_c1156 _d1156 |
||